Sports Quiz

Random Sports or College Quiz

Top 50 in College Basketball (By Wins) Quiz Stats

 Plays Quiz not verified by Sporcle

Challenge
Share
Tweet
Embed
Score 0/50 Timer 10:00
0 Plays Today
% Correct
Kentucky
95.2%
North Carolina
94.8%
University of California Los Angeles
93.7%
Duke University
93.3%
Kansas
92.9%
Texas
89.7%
Indiana
89.3%
Syracuse
85.3%
Oklahoma
85.3%
Michigan State
84.9%
Arizona
81.3%
Georgetown
80.6%
Louisville
80.2%
Ohio State
79.8%
Illinois
75%
North Carolina State
73%
Connecticut
72.2%
Iowa
71.8%
Villanova
71%
Washington
69.8%
Arkansas
68.7%
Notre Dame
67.5%
Oklahoma State
67.1%
Tennessee
67.1%
Minnesota
67.1%
% Correct
Purdue
66.3%
Alabama
64.7%
Kansas State
64.7%
Pittsburgh
63.5%
Pennsylvania
63.1%
Missouri
62.3%
Utah
57.9%
Marquette
56.3%
Princeton
55.2%
Temple
54.8%
Oregon State
54.8%
Washington State
46.8%
Vanderbilt
39.3%
Dayton
28.6%
Western Kentucky
25.8%
St. Joseph's
20.6%
Bradley
12.3%
Missouri State
9.5%
Murray State
6.7%
West Virgina
6%
Cincinatti
5.6%
Montana State
4.8%
Illinois State
4.4%
St. Johns University
1.2%
Brigham Young University
1.2%

You're not logged in!

Compare scores with friends on all Sporcle quizzes.
OR
Log In

You Might Also Like...

Show Comments

Extras

Top Quizzes Today


Score Distribution

Your Account Isn't Verified!

In order to create a playlist on Sporcle, you need to verify the email address you used during registration. Go to your Sporcle Settings to finish the process.

Report this User

Report this user for behavior that violates our Community Guidelines.

Details: